Chozrasčot v procese urýchlenia hospodárskeho a sociálneho rozvoja

Uložené v:
Podrobná bibliografia
Médium: Kniha
Jazyk:Slovak
Vydavateľské údaje: Bratislava Pravda 1988
Vydanie:1. vyd.
Edícia:Na pomoc ekonomickej propagande a agitácii
Tagy: Pridať tag
Žiadne tagy, Buďte prvý, kto otaguje tento záznam!

MARC

LEADER 00000nam a2200000 4500
001 c035519
005 20250124122310.8
041 0 |a slo 
044 |a SK 
245 1 0 |a Chozrasčot v procese urýchlenia hospodárskeho a sociálneho rozvoja 
250 |a 1. vyd. 
264 1 |a Bratislava  |b Pravda  |c 1988 
300 |a 93 s. 
490 1 |a Na pomoc ekonomickej propagande a agitácii 
830 0 |a Na pomoc ekonomickej propagande a agitácii